| 000 | 01098cam a2200289K 4500 | ||
|---|---|---|---|
| 001 | 3787 | ||
| 003 | BD-RjUL | ||
| 005 | 20211208233801.0 | ||
| 008 | 131221s1919 enk o 00| 0 eng d | ||
| 035 | _a(OCoLC)ocn613922524 | ||
| 035 | _a(BD-RjUL)3821 | ||
| 040 |
_aOCLCE _beng _cOCLCE _dOCLCQ |
||
| 041 | _aeng | ||
| 082 | 0 | 4 |
_a149 _bSCS 1919. |
| 100 | 1 |
_aScott, J. W. _q(John Waugh), _db. 1878. _912042 |
|
| 245 | 1 | 0 |
_aSyndicalism and philosophical realism : _ba study in the correlation of contemporary social tendencies / _cby J.W. Scott. |
| 260 |
_aLondon, _bA. & C. Black LTD. _c1919. |
||
| 300 |
_a215 p.: _c22 cm. |
||
| 504 | _aincludes index | ||
| 506 |
_3Use copy _fRestrictions unspecified _2star _5MiAaHDL |
||
| 650 | 0 |
_aSyndicalism. _912043 |
|
| 650 | 0 |
_aRealism. _93679 |
|
| 776 | 0 | 8 |
_iPrint version: _aScott, J.W. (John Waugh), b. 1878. _tSyndicalism and philosophical realism. _dLondon, A. & C. Black, 1919 _w(DLC) 19015339 _w(OCoLC)412185 |
| 856 | 4 | 0 |
_3HathiTrust Digital Library _uhttp://catalog.hathitrust.org/api/volumes/oclc/412185.html |
| 942 |
_2ddc _cBK |
||
| 999 |
_c3787 _d3787 |
||